|
|
|
|
| LEADER |
00000cam a2200000 c 4500 |
| 001 |
1613791682 |
| 003 |
DE-627 |
| 005 |
20251225195254.0 |
| 007 |
tu |
| 008 |
111111s2011 xx ||||| 00| ||spa c |
| 020 |
|
|
|a 9788490042038
|c 25.00 EUR
|9 978-84-9004-203-8
|
| 035 |
|
|
|a (DE-627)1613791682
|
| 035 |
|
|
|a (DE-576)352971789
|
| 035 |
|
|
|a (DE-599)GBV669619167
|
| 040 |
|
|
|a DE-627
|b ger
|c DE-627
|e rakwb
|
| 041 |
|
|
|a spa
|
| 050 |
|
0 |
|a HV
|
| 082 |
0 |
|
|a 364
|2 21
|
| 245 |
0 |
0 |
|a Avances de investigación en criminología
|b revista de la Sociedad Española de Investigación Criminológica, año 2010
|c César San Juan Guillén, ed.
|
| 264 |
|
1 |
|a Valencia
|b Tirant lo Blanch
|c 2011
|
| 300 |
|
|
|a 229 S.
|
| 336 |
|
|
|a Text
|b txt
|2 rdacontent
|
| 337 |
|
|
|a ohne Hilfsmittel zu benutzen
|b n
|2 rdamedia
|
| 338 |
|
|
|a Band
|b nc
|2 rdacarrier
|
| 490 |
0 |
|
|a Criminología y educación social
|
| 700 |
1 |
|
|a San Juan Guillén, César
|e Hrsg.
|0 (DE-627)1250735521
|0 (DE-576)180735527
|4 edt
|
| 856 |
4 |
2 |
|u https://swbplus.bsz-bw.de/bsz352971789inh.htm
|m B:DE-576;DE-Frei85
|q application/pdf
|v 20111214104302
|x Verlag
|3 Inhaltsverzeichnis
|7 1
|
| 935 |
|
|
|a mkri
|
| 951 |
|
|
|a BO
|
| ELC |
|
|
|b 1
|
| LOK |
|
|
|0 000 xxxxxcx a22 zn 4500
|
| LOK |
|
|
|0 001 317836319X
|
| LOK |
|
|
|0 003 DE-627
|
| LOK |
|
|
|0 004 1613791682
|
| LOK |
|
|
|0 005 20111208131726
|
| LOK |
|
|
|0 008 111111||||||||||||||||ger|||||||
|
| LOK |
|
|
|0 040
|a DE-Frei85
|c DE-627
|d DE-Frei85
|
| LOK |
|
|
|0 852
|a DE-Frei85
|
| LOK |
|
|
|0 852 1
|m p
|9 00
|
| LOK |
|
|
|0 938
|k p
|
| LOK |
|
|
|0 939
|a 11-11-11
|b l01
|
| ORI |
|
|
|a SA-MARC-krimdoka001.raw
|